000 00497nam a2200169Ia 4500
003 GCL
008 140319s9999 xx 000 0 ara d
040 _aGCL /
_cGCL
082 0 4 _a953.03
_bم ح
100 1 _aمحمد مطيع الحافظ
245 1 0 _aحريق الجامع الاموى وبناءه 1311 - 1320 /
_cمحمد مطيع الحافظ
300 _a80
490 _aكتاب
_v0
650 0 4 _aالدولة الاموية
650 0 4 _aالجامع الاموى
942 _2ddc
_cBK
999 _c42533
_d42533